State by population - Statistics

General Stats
  • This quiz has been taken 11 times
  • The average score is 45 of 50
Answer Stats
Population Hint Answer % Correct
4,903,151 Cotton State Alabama
100%
7,231,526 Painted Desert Arizona
100%
3,036,375 The Little Rock Arkansas
100%
40,017,007 Golden State California
100%
5,761,252 Mile High Colorado
100%
21,640,022 Tropical Vibe Florida
100%
10,660,897 Peach State Georgia
100%
1,790,777 Potato State Idaho
100%
12,734,617 Land of Lincoln Illinois
100%
2,923,907 Sunflower State Kansas
100%
4,490,341 Louisville Slugger Kentucky
100%
4,680,685 New Orleans Saints Louisiana
100%
6,932,015 New England Massachusetts
100%
10,020,043 Ford Automobile Michigan
100%
5,679,718 Land Of 1,000 Lakes Minnesota
100%
2,981,470 Old Man River State Mississippi
100%
6,158,244 Gateway West Missouri
100%
3,115,609 Sin City Nevada
100%
19,875,625 Empire State New York
100%
11,730,719 Buckeye State Ohio
100%
4,256,350 Ducks Oregon
100%
12,842,441 Independence Hall Pennsylvania
100%
29,104,064 The Alamo Texas
100%
3,216,857 Salt Lake State Utah
100%
8,581,300 Arlington Virginia
100%
7,655,361 Starbucks Washington
100%
5,840,615 Cheese State Wisconsin
100%
736,341 The Largest State Alaska
88%
1,425,248 Pineapple State Hawaii
88%
6,732,440 Notre Dame Indiana
88%
3,175,395 Hawkeye State Iowa
88%
1,347,257 The Acadia State Maine
88%
6,107,027 Orioles Maryland
88%
1,945,022 Omaha, Set, Hut! Nebraska
88%
1,358,355 Concord New Hampshire
88%
9,060,100 Atlantic City New Jersey
88%
2,093,346 The Little Mexico New Mexico
88%
10,506,879 First In Flight North Carolina
88%
1,063,785 Smallest State Rhode Island
88%
568,125 Yellowstone State Wyoming
88%
1,074,167 Glacier Country Montana
75%
755,083 Fargo North Dakota
75%
3,950,178 Tornado Country Oklahoma
75%
5,153,463 Friendly People South Carolina
75%
884,914 Sioux Country South Dakota
75%
1,790,297 Mountaineer State West Virginia
75%
624,263 Ben and Jerries Vermont
63%
3,589,172 Hartford Conneticut
50%
6,849,144 Volunteer State Tennesee
50%
980,421 The 1st state Deleware
25%
No matching quizzes found
Score Distribution
Percent of People with Each Score
Percentile by Number Answered
Your Score History
You have not taken this quiz